书目信息 |
| 题名: |
英语同义词反义词派生词词典
|
|
| 作者: | 梶木隆一原 著 | |
| 分册: | ||
| 出版信息: | 北京 中国对外翻译出版公司 1988.05 |
|
| 页数: | 518页 | |
| 开本: | 20cm | |
| 丛书名: | ||
| 单 册: | ||
| 中图分类: | H313.2-61 | |
| 科图分类: | ||
| 主题词: | 英语 | |
| 电子资源: | ||
| ISBN: | 7-5001-0032-9 | |
| 000 | 00615nam0 2200193 450 | |
| 001 | 1959586101 | |
| 005 | 20190111163455.25 | |
| 010 | @a7-5001-0032-9@dCNY3.55 | |
| 100 | @a20190111d1988 km y0chiy0120 ea | |
| 101 | 0 | @achi |
| 102 | @aCN@b110000 | |
| 200 | 1 | @a英语同义词反义词派生词词典@Aying yu tong yi ci fan yi ci pai sheng ci ci dian@f(日) 梶木隆一原著@F(ri)wei mu long yi yuan zhu |
| 210 | @a北京@c中国对外翻译出版公司@d1988.05 | |
| 215 | @a518页@d20cm | |
| 606 | 0 | @a英语 |
| 690 | @aH313.2-61@v4 | |
| 701 | 0 | @a梶木隆一原@Awei mu long yi yuan@4著 |
| 801 | 0 | @aCN@bMUSE@c20190111 |
| 905 | @aMUSE@dH313.2-61@eW564 | |
| 英语同义词反义词派生词词典/(日) 梶木隆一原著.-北京:中国对外翻译出版公司,1988.05 |
| 518页;20cm |
| ISBN 7-5001-0032-9:CNY3.55 |
| ● |
| 相关链接 |
|
|
|
正题名:英语同义词反义词派生词词典
索取号:H313.2-61/W564
 
预约/预借
| 序号 | 登录号 | 条形码 | 馆藏地/架位号 | 状态 | 备注 |
| 1 | 1301770 | 213017705 | 语言库209/209语言库 34排1列4层/ [索取号:H313.2-61/W564] | 在馆 |